000 00470nam a2200157Ia 4500
999 _c36637
_d36637
003 OSt
005 20210125104348.0
008 190216s9999||||xx |||||||||||||| ||und||
040 _coclc
082 _a570
_bPUS/U
100 _aPushkar, Kumar
_98420
245 0 _aUGC JRF / NET Examination:
_bLife Sciences /
_cKumar Pushkar ; A P Singh
260 _bUpkar Prakashan,
_c2002.
_aAgra:
300 _a419p
942 _cREF
_2ddc
_h570
_iPUS/U
_k570
_mPUS/U